000 00379nam a2200157 a 4500
001 2770
005 20140414131906.0
008 050928s19uu xx 00 eng d
020 _a
050 _aFIC
_bSt1 2000
100 _aWolverton, Dave
245 _aTrouble on Tatooine.
260 _aNew York :
_bScholastic ,
_c2000.
440 _aStar Wars Episode 1
999 _c110950
_d110950